000 01013nam a22003137a 4500
003 CHAP
005 20220329140841.0
008 971013s1965 r 00010 d
010 _a58625
011 _a59597
035 _a63757
040 _cCHAP
082 _a636.089
_bS8
100 0 0 _aSwope, Robert E.
_9110907
245 _aOpportunities in veterinary medicine
260 _aNew York :
_bVocational Guidence Manuals,
_c1965
300 _a144 p.
590 _aBATCH-UPD
_b10
_c20130110
_lUCH01
_h0049
590 _aBATCH-UPD
_b10
_c20130110
_lUCH01
_h1130
590 _aBATCH-UPD
_b10
_c20130409
_lUCH01
_h2035
590 _aBATCH-UPD
_b10
_c20130914
_lUCH01
_h2040
590 _aCONVERSION
_b10
_c20130109
_lUCH01
_h1331
650 1 4 _aVeterinaria.
_9118987
650 1 4 _aVeterinaria
_xEstudio y enseƱanza.
_9118996
901 _aBK
942 _cLIBRO
949 _a636.089 S8
_bBC
_cLIBRO
_d33724000278354
_eLIBRO
_h39723
_i63757
_si
949 _a636.089 S8
_bBC
_cLIBRO
_d33724000278362
_eLIBRO
_fc.2
_h39724
_i63757
_si
999 _c58625
_d58625